000 00340 a2200157 4500
001 45572
020 _a0307261050
040 _cAnchieta - Aquarius
100 _aBrown, Wise
240 1 0 _aI like stars
_lpor
245 1 0 _aI like stars
300 _a32
362 0 _a1999
650 4 _aLiteratura infanto-juvenil em inglês
942 _cBK
999 _c45572
_d45572